000 00842cab a2200289 4500
001 WB3239-21
008 090401t1996 xxu||||| |||| 00| 0 eng d
035 _a(Sirsi) u27364
041 _aeng
245 _a£4.4bn to be invested in leisure market
260 _c1996
350 _a0
490 _aSunday Business
_v13 October 1996, 5(1)
520 _aUK leisure operators plan to invest £4.4bn in new developments over the next three years, according to a study by the Miller Group.
650 _aBINGO CLUBS
650 _aBOWLING ALLEYS
650 _aCINEMAS
650 _aLEISURE DEVELOPMENT
650 _aMILLER GROUP
650 _aMULTIPLEX CINEMAS
650 _aNIGHTCLUBS
650 _aRETAURANTS
650 _aSTADIA
690 _aPROPERTY-PROPERTY FINANCE AND INVESTMENT
942 _n0
948 _c04/03/1997
999 _c18414
_d18414